[Event "30. Torneo San Viator 2018"]
[Site "Madrid ESP"]
[Date "2018.05.06"]
[Round "4.15"]
[White "Recuenco Andres, Javier"]
[Black "Montoya Gandia, Manuel"]
[Result "1/2-1/2"]
[WhiteElo "1869"]
[BlackElo "1639"]
[PlyCount "67"]
[EventDate "2018.04.08"]
[EventType "swiss"]
[EventRounds "9"]
[EventCountry "ESP"]
[SourceTitle "Ajedrez en Madrid"]
[Source "lmi"]
[SourceDate "2018.04.08"]

1. c4 Nf6 2. d4 g6 3. g3 d5 4. cxd5 Nxd5 5. e4 Nb6 6. Bg2 Bg7 7. Ne2 O-O 8. O-O
e5 9. d5 c6 10. Nbc3 cxd5 11. exd5 f5 12. Qb3 Na6 13. Be3 Qd6 14. a3 Bd7 15.
Nb5 Bxb5 16. Qxb5 f4 17. Bxb6 axb6 18. Nc3 Nc5 19. b4 Nb3 20. Ne4 Qd8 21. Ra2
Nd4 22. Qc4 Rc8 23. Qd3 f3 24. Bh3 Qxd5 25. Rd2 Ne2+ 26. Kh1 Qxd3 27. Rxd3 Rc7
28. Rd6 Nd4 29. Rxb6 Ra8 30. Nc5 Rxa3 31. Nxb7 Rb3 32. Nc5 Rb2 33. Rb8+ Kf7 34.
Rb6 1/2-1/2

[Event "30. Torneo San Viator 2018"]
[Site "Madrid ESP"]
[Date "2018.05.06"]
[Round "4.16"]
[White "Esteban Posadilla, Raul"]
[Black "Jimenez Gonzalez, Marcos"]
[Result "1-0"]
[WhiteElo "1605"]
[BlackElo "1802"]
[PlyCount "120"]
[EventDate "2018.04.08"]
[EventType "swiss"]
[EventRounds "9"]
[EventCountry "ESP"]
[SourceTitle "Ajedrez en Madrid"]
[Source "lmi"]
[SourceDate "2018.04.08"]

1. c4 e6 2. Nc3 d5 3. cxd5 exd5 4. g3 Nf6 5. Bg2 c6 6. a3 Be7 7. d3 O-O 8. Nf3
Nbd7 9. O-O Nb6 10. Nd2 Be6 11. e4 dxe4 12. dxe4 Qc7 13. Qc2 Rad8 14. b4 Nc4
15. Ne2 b5 16. Nf4 Qe5 17. Nxe6 fxe6 18. Ra2 c5 19. Nxc4 bxc4 20. Bb2 Qb8 21.
Qxc4 Qb6 22. b5 Ne8 23. a4 Nc7 24. Be5 Bd6 25. Bxd6 Rxd6 26. Rc2 Rfd8 27. Qxc5
Qxc5 28. Rxc5 Ne8 29. a5 Rd2 30. b6 axb6 31. axb6 Rb2 32. Rc6 Kf7 33. Bh3 Rd6
34. Rxd6 Nxd6 35. e5 Nc4 36. Rc1 Nxe5 37. Rc7+ Kg6 38. b7 Nf3+ 39. Kg2 Ne1+ 40.
Kf1 Nd3 41. Bxe6 Rxf2+ 42. Kg1 Rb2 43. Bc8 Rb1+ 44. Kg2 Rb2+ 45. Kf3 Ne5+ 46.
Ke4 Nf7 47. Rc6+ Kg5 48. h4+ Kh5 49. Rc5+ Kh6 50. Kd5 Nd8 51. Rc7 Rd2+ 52. Ke4
Re2+ 53. Kf3 Rb2 54. Rd7 Rb3+ 55. Kg2 Nxb7 56. Rxb7 Rxb7 57. Bxb7 g5 58. Kh3
gxh4 59. Kxh4 Kg7 60. Kh5 h6 1-0

[Event "30. Torneo San Viator 2018"]
[Site "Madrid ESP"]
[Date "2018.05.06"]
[Round "4.17"]
[White "Sanchez Fernandez, Juan Antonio"]
[Black "Torres Samper, Rafael"]
[Result "1-0"]
[WhiteElo "1751"]
[BlackElo "1920"]
[PlyCount "125"]
[EventDate "2018.04.08"]
[EventType "swiss"]
[EventRounds "9"]
[EventCountry "ESP"]
[SourceTitle "Ajedrez en Madrid"]
[Source "lmi"]
[SourceDate "2018.04.08"]

1. e4 c5 2. Nc3 d6 3. f4 Nc6 4. Bc4 e6 5. Nf3 Nge7 6. d3 g6 7. O-O Bg7 8. Qe1
O-O 9. f5 gxf5 10. Qh4 Ng6 11. Qh5 Nd4 12. Ng5 h6 13. Nxf7 Rxf7 14. Qxg6 Qf6
15. Qxf6 Rxf6 16. Bf4 Kh7 17. Bxd6 Nxc2 18. e5 Rg6 19. Rac1 Ne3 20. Rf2 b5 21.
Nxb5 Bb7 22. g3 Ng4 23. Re2 f4 24. Nc7 fxg3 25. hxg3 Nxe5 26. Nxa8 Nf3+ 27. Kf2
Bd4+ 28. Re3 Bxa8 29. Ke2 Bxe3 30. Kxe3 Nd4 31. Bxc5 Nf5+ 32. Kf4 Rxg3 33. Bxe6
Rf3+ 34. Ke5 Ng7 35. Bc4 Rf5+ 36. Kd4 a5 37. Re1 h5 38. b4 axb4 39. Bxb4 h4 40.
Bd6 h3 41. Re2 Rh5 42. Bh2 Nf5+ 43. Kc3 Rg5 44. d4 Ng3 45. Re1 Ne4+ 46. Kb4 Rg2
47. Bd3 Rxh2 48. Bxe4+ Bxe4 49. Rxe4 Kg6 50. Rh4 Rxa2 51. Rxh3 Kf6 52. Re3 Rc2
53. d5 Kf7 54. d6 Rc1 55. Kb5 Rc2 56. Kb6 Rc1 57. d7 Rd1 58. Kc7 Rc1+ 59. Kd8
Rh1 60. Rc3 Ke6 61. Kc7 Rh7 62. Rd3 Rf7 63. Kc8 1-0

[Event "30. Torneo San Viator 2018"]
[Site "Madrid ESP"]
[Date "2018.05.06"]
[Round "4.18"]
[White "Morales Martin, Javier"]
[Black "Padin Lazaro, Jose Manuel"]
[Result "0-1"]
[WhiteElo "1747"]
[BlackElo "1870"]
[PlyCount "64"]
[EventDate "2018.04.08"]
[EventType "swiss"]
[EventRounds "9"]
[EventCountry "ESP"]
[SourceTitle "Ajedrez en Madrid"]
[Source "lmi"]
[SourceDate "2018.04.08"]

1. d4 d5 2. Bf4 Nf6 3. e3 c5 4. c3 Nc6 5. Bd3 e6 6. Nd2 Bd6 7. Bxd6 Qxd6 8. f4
O-O 9. Nh3 b6 10. Qf3 cxd4 11. exd4 Bb7 12. g4 Nd7 13. Ng5 h6 14. h4 e5 15.
fxe5 Ncxe5 16. dxe5 Nxe5 17. Bh7+ Kh8 18. Qg3 Ba6 19. Rh3 g6 20. O-O-O Nd3+ 21.
Kc2 Qxg3 22. Rxg3 hxg5 23. Bxg6 fxg6 24. Nf3 gxh4 25. Nxh4 Kg7 26. Nf3 Nf4 27.
Ng5 Rae8 28. Kb3 Re5 29. Nh3 Nxh3 30. Rxh3 Rh8 31. Rg3 Rh2 32. Rdg1 Bc4+ 0-1

[Event "30. Torneo San Viator 2018"]
[Site "Madrid ESP"]
[Date "2018.05.06"]
[Round "4.19"]
[White "Rojo Jorge, Luis"]
[Black "Sotoca Aguado, Jose"]
[Result "0-1"]
[WhiteElo "1654"]
[BlackElo "1847"]
[PlyCount "70"]
[EventDate "2018.04.08"]
[EventType "swiss"]
[EventRounds "9"]
[EventCountry "ESP"]
[SourceTitle "Ajedrez en Madrid"]
[Source "lmi"]
[SourceDate "2018.04.08"]

1. e4 c6 2. d4 d5 3. Nc3 dxe4 4. Nxe4 Nf6 5. Nxf6+ exf6 6. Bf4 Bd6 7. Qe2+ Be6
8. Bxd6 Qxd6 9. O-O-O O-O 10. Kb1 Na6 11. h4 Rfe8 12. Qd2 Nb4 13. a3 Nd5 14. f3
b5 15. g4 a5 16. g5 Bf5 17. gxf6 Qxf6 18. Ne2 b4 19. Ka2 Ne3 20. Rc1 Nxf1 21.
Rhxf1 Qe6+ 22. d5 Qxe2 23. Qxe2 Rxe2 24. dxc6 Rc8 25. Rfd1 Kf8 26. Rd6 Ke7 27.
Rd4 Rxc6 28. axb4 axb4 29. Rxb4 Rcxc2 30. Rb7+ Kf6 31. Rd1 Be6+ 32. Kb1 Rc4 33.
Rb6 Rxh4 34. Rg1 Rf4 35. Rh1 Rxf3 0-1

[Event "30. Torneo San Viator 2018"]
[Site "Madrid ESP"]
[Date "2018.05.06"]
[Round "4.20"]
[White "Herranz Suarez, David"]
[Black "Gonzalez-Ruano Perez, Cesar"]
[Result "0-1"]
[WhiteElo "1472"]
[BlackElo "1833"]
[PlyCount "120"]
[EventDate "2018.04.08"]
[EventType "swiss"]
[EventRounds "9"]
[EventCountry "ESP"]
[SourceTitle "Ajedrez en Madrid"]
[Source "lmi"]
[SourceDate "2018.04.08"]

1. d4 e6 2. c4 b6 3. Nf3 Bb7 4. g3 f5 5. Bg2 Nf6 6. O-O Be7 7. Nc3 O-O 8. Qc2
Qe8 9. Rd1 d6 10. d5 exd5 11. cxd5 Qd7 12. Ng5 g6 13. Ne6 Rf7 14. a4 a5 15. Nb5
Na6 16. Bf4 Rc8 17. Nc3 Nb4 18. Qb3 Ne8 19. Bh3 Bxd5 20. Nxd5 Qxe6 21. Nxe7+
Rxe7 22. Qxe6+ Rxe6 23. Kf1 Nf6 24. Bg2 Rce8 25. e3 Ne4 26. h4 Kg7 27. Bxe4
Rxe4 28. Rac1 Na6 29. Rd4 Nc5 30. Rcc4 R8e7 31. Bg5 Rd7 32. b4 axb4 33. Rxb4
Re8 34. a5 bxa5 35. Rb5 Ne6 36. Ra4 h6 37. Bf4 g5 38. hxg5 hxg5 39. Rxf5 gxf4
40. gxf4 Ra8 41. Raxa5 Rxa5 42. Rxa5 c5 43. f5 Ng5 44. f4 Ne4 45. Ra4 d5 46.
Ke1 Kf6 47. Ra6+ Rd6 48. Ra8 Kxf5 49. Rf8+ Nf6 50. Rc8 c4 51. Ke2 Ke4 52. Rc7
Re6 53. Rg7 d4 54. exd4 Kxd4+ 55. Kf3 Re3+ 56. Kf2 Ne4+ 57. Kg2 Re2+ 58. Kg1 c3
59. Rd7+ Ke3 60. f5 c2 0-1

[Event "30. Torneo San Viator 2018"]
[Site "Madrid ESP"]
[Date "2018.05.06"]
[Round "4.21"]
[White "Iriarte Diez, Enrique"]
[Black "Conchillo Roman, Jose Ignacio"]
[Result "1-0"]
[WhiteElo "1833"]
[BlackElo "1553"]
[PlyCount "81"]
[EventDate "2018.04.08"]
[EventType "swiss"]
[EventRounds "9"]
[EventCountry "ESP"]
[SourceTitle "Ajedrez en Madrid"]
[Source "lmi"]
[SourceDate "2018.04.08"]

1. Nf3 Nf6 2. g3 d6 3. d4 g6 4. Bg2 Bg7 5. O-O O-O 6. c4 c6 7. Nc3 Bg4 8. h3
Bd7 9. Re1 Qc8 10. Kh2 Qc7 11. a3 e5 12. e4 Nh5 13. Be3 Be8 14. dxe5 dxe5 15.
Bc5 Nd7 16. Bxf8 Nxf8 17. b4 f5 18. Qc2 Qf7 19. c5 Ne6 20. Rad1 Bd7 21. exf5
Nd4 22. Nxd4 exd4 23. fxg6 hxg6 24. Ne4 Rf8 25. Rd2 Bf5 26. Qd1 Qc7 27. Nd6 Qd7
28. Nxf5 Qxf5 29. Be4 Qg5 30. Rg1 Be5 31. Qe1 Kg7 32. Rg2 Nf4 33. Rxd4 Nxh3 34.
Rd7+ Kf6 35. Qd1 Rh8 36. Qf3+ Nf4+ 37. Kg1 Qh6 38. Kf1 Qh1+ 39. Rg1 Qh3+ 40.
Ke1 Qxd7 41. gxf4 1-0

[Event "30. Torneo San Viator 2018"]
[Site "Madrid ESP"]
[Date "2018.05.06"]
[Round "4.22"]
[White "Chauca Pinedo, Daniel Jesus"]
[Black "Manas Molina, Angel"]
[Result "0-1"]
[WhiteElo "1385"]
[BlackElo "1829"]
[PlyCount "100"]
[EventDate "2018.04.08"]
[EventType "swiss"]
[EventRounds "9"]
[EventCountry "ESP"]
[SourceTitle "Ajedrez en Madrid"]
[Source "lmi"]
[SourceDate "2018.04.08"]

1. d4 d5 2. c4 e5 3. dxe5 d4 4. a3 Nc6 5. Nf3 Be6 6. b3 Qd7 7. Ra2 f6 8. exf6
Nxf6 9. Rd2 Ne4 10. Rxd4 Nxd4 11. Qxd4 Qxd4 12. Nxd4 Bd7 13. f3 Bc5 14. e3 Nf6
15. b4 Be7 16. c5 O-O 17. Bc4+ Kh8 18. O-O c6 19. Nc3 a5 20. e4 axb4 21. axb4
b6 22. e5 Ng8 23. Ne4 Ra4 24. Be6 Rxb4 25. Bxd7 Rxd4 26. Bxc6 bxc5 27. Be3 Rc4
28. Bd5 Rc2 29. Nd6 Bxd6 30. exd6 Nf6 31. Bc6 Rc3 32. Bf2 Rd3 33. g4 Nxg4 34.
fxg4 Rxd6 35. Bg2 Rc8 36. Rc1 c4 37. Be4 g6 38. Bg3 Rd2 39. Rc3 Kg7 40. Kf1 Kf6
41. h4 Rb2 42. g5+ Ke6 43. Bf3 Rb3 44. Rxb3 cxb3 45. Bg4+ Kd5 46. Bf3+ Kd4 47.
Bf2+ Kd3 48. Be2+ Kd2 49. Be1+ Kc2 50. Bb4 b2 0-1

[Event "30. Torneo San Viator 2018"]
[Site "Madrid ESP"]
[Date "2018.05.06"]
[Round "4.23"]
[White "Barahona Torrijos, Angel"]
[Black "Cano Mercado, Francisco Manuel"]
[Result "1-0"]
[WhiteElo "1862"]
[BlackElo "1824"]
[PlyCount "53"]
[EventDate "2018.04.08"]
[EventType "swiss"]
[EventRounds "9"]
[EventCountry "ESP"]
[SourceTitle "Ajedrez en Madrid"]
[Source "lmi"]
[SourceDate "2018.04.08"]

1. d4 e6 2. e4 d5 3. Nc3 dxe4 4. Nxe4 Bd7 5. Nf3 Bc6 6. Bd3 Nd7 7. O-O Ngf6 8.
Neg5 h6 9. Nxe6 fxe6 10. Bg6+ Ke7 11. b3 Nb6 12. Ne5 Qd5 13. f3 Be8 14. c4 Qa5
15. Bd2 Qa3 16. Qc2 Qd6 17. Bc3 Nbd7 18. Bxe8 Nxe5 19. dxe5 Qc5+ 20. Kh1 Nxe8
21. f4 h5 22. f5 Qc6 23. Rad1 a5 24. Bb2 Kf7 25. fxe6+ Kg8 26. Qg6 Ra6 27.
Rxf8+ 1-0

[Event "30. Torneo San Viator 2018"]
[Site "Madrid ESP"]
[Date "2018.05.06"]
[Round "4.24"]
[White "Alvarez Cerbero, Julio Enrique"]
[Black "Garcia Galeote, Lorenzo"]
[Result "0-1"]
[WhiteElo "1501"]
[BlackElo "1972"]
[PlyCount "108"]
[EventDate "2018.04.08"]
[EventType "swiss"]
[EventRounds "9"]
[EventCountry "ESP"]
[SourceTitle "Ajedrez en Madrid"]
[Source "lmi"]
[SourceDate "2018.04.08"]

1. c4 g6 2. g3 Bg7 3. Bg2 d6 4. Nc3 e5 5. d3 Ne7 6. e4 Nbc6 7. Nge2 O-O 8. O-O
Bg4 9. h3 Bd7 10. Be3 Nd4 11. f4 c6 12. Rc1 f5 13. Qd2 Be6 14. Kh2 Qd7 15. Bxd4
exd4 16. Nd1 c5 17. Nf2 Rae8 18. b4 b6 19. b5 h6 20. a4 Kh7 21. a5 Bf6 22. axb6
axb6 23. Ra1 Qc7 24. Ra6 Bc8 25. Ra3 Bb7 26. Rfa1 Ra8 27. Ra7 Rxa7 28. Rxa7 Nc8
29. Rxb7 Qxb7 30. e5 Qa7 31. exf6 Rxf6 32. g4 Ne7 33. Ng3 Qd7 34. Qa2 fxg4 35.
Ne2 gxh3 36. Bxh3 Nf5 37. Ne4 Rf8 38. N2g3 Qc7 39. Qf2 Nxg3 40. Nxg3 Qe7 41. f5
g5 42. Nh5 Qe5+ 43. Kg2 d5 44. f6 dxc4 45. Qf5+ Qxf5 46. Bxf5+ Kh8 47. dxc4 Rd8
48. Bd3 Kg8 49. Kg3 Kf7 50. Kg4 Re8 51. Kf5 Re3 52. Be4 d3 53. Bd5+ Kf8 54. Ng7
d2 0-1

[Event "30. Torneo San Viator 2018"]
[Site "Madrid ESP"]
[Date "2018.05.06"]
[Round "4.25"]
[White "Matesanz Bonastre, Rafael"]
[Black "Muñoz Cebey, Ricardo"]
[Result "0-1"]
[WhiteElo "1856"]
[BlackElo "1793"]
[PlyCount "46"]
[EventDate "2018.04.08"]
[EventType "swiss"]
[EventRounds "9"]
[EventCountry "ESP"]
[SourceTitle "Ajedrez en Madrid"]
[Source "lmi"]
[SourceDate "2018.04.08"]

1. d4 d5 2. c4 dxc4 3. Nf3 Nf6 4. Nc3 a6 5. a4 Nc6 6. h3 Bf5 7. g4 Bg6 8. Bg2
e6 9. O-O Bb4 10. Bg5 O-O 11. e3 Qd6 12. Bf4 Qe7 13. Ne5 Nxe5 14. dxe5 Bxc3 15.
bxc3 Nd5 16. Qc1 Bd3 17. Rd1 b5 18. e4 Nxf4 19. Qxf4 Bc2 20. Rd4 Bxa4 21. Qe3
Rfd8 22. Rxc4 bxc4 23. Rxa4 Rd3 0-1

[Event "30. Torneo San Viator 2018"]
[Site "Madrid ESP"]
[Date "2018.05.06"]
[Round "4.27"]
[White "Mihalcea, George Andrei"]
[Black "Tudela Garcia, Antonio"]
[Result "1-0"]
[WhiteElo "1791"]
[BlackElo "1562"]
[PlyCount "71"]
[EventDate "2018.04.08"]
[EventType "swiss"]
[EventRounds "9"]
[EventCountry "ESP"]
[SourceTitle "Ajedrez en Madrid"]
[Source "lmi"]
[SourceDate "2018.04.08"]

1. d4 Nf6 2. Nf3 e6 3. Bf4 d6 4. c4 Nbd7 5. Nc3 Be7 6. e4 Nh5 7. Be3 Nhf6 8.
Be2 e5 9. Qc2 c6 10. Rd1 Qc7 11. dxe5 dxe5 12. h3 Bc5 13. Bxc5 Nxc5 14. b4 Ne6
15. O-O Nf4 16. Rd2 Nxe2+ 17. Nxe2 O-O 18. Rfd1 h6 19. Ng3 Be6 20. Qc3 Nd7 21.
Rd6 Rfe8 22. c5 f6 23. Qd3 Nf8 24. a3 a5 25. Nh4 axb4 26. axb4 Qf7 27. Nhf5
Bxf5 28. Nxf5 Kh7 29. Qe3 Qg6 30. Qb3 Qg5 31. Qf7 Qg6 32. Qxb7 Reb8 33. Qxc6
Ra3 34. R6d3 Rxd3 35. Rxd3 Rxb4 36. Rg3 1-0

[Event "30. Torneo San Viator 2018"]
[Site "Madrid ESP"]
[Date "2018.05.13"]
[Round "5.1"]
[White "Longa Yauca, Javier"]
[Black "Rodriguez Melendez, Juan Humbert"]
[Result "0-1"]
[WhiteElo "2250"]
[BlackElo "2174"]
[PlyCount "74"]
[EventDate "2018.04.08"]
[EventType "swiss"]
[EventRounds "9"]
[EventCountry "ESP"]
[SourceTitle "Ajedrez en Madrid"]
[Source "lmi"]
[SourceDate "2018.04.08"]

1. d4 Nf6 2. Nf3 g6 3. c4 Bg7 4. Nc3 O-O 5. e4 d6 6. Be2 e5 7. O-O Nc6 8. d5
Ne7 9. Ne1 Nd7 10. Bd2 f5 11. b4 Nf6 12. Bg5 Nxe4 13. Nxe4 fxe4 14. Qd2 Qe8 15.
g4 Rf4 16. h3 h6 17. Bxe7 Qxe7 18. Ng2 Rf3 19. Qc2 Rxh3 20. Qxe4 Qg5 21. Rad1
h5 22. f3 Rg3 23. Rd3 hxg4 24. fxg4 Rxd3 25. Qxd3 Bd7 26. Qe4 Rf8 27. Rxf8+
Bxf8 28. Kh2 Bh6 29. Kg3 Kg7 30. Bd3 Bf5 31. Qe3 Bxd3 32. Qxd3 Qc1 33. Kf3 Bg5
34. a3 Qh1 35. Kg3 Qg1 36. Kf3 Qh2 37. Kf2 Bh4+ 0-1

[Event "30. Torneo San Viator 2018"]
[Site "Madrid ESP"]
[Date "2018.05.13"]
[Round "5.2"]
[White "Vaquerizo Calvo, Miguel Arturo"]
[Black "Garcia Dorado, Alberto"]
[Result "1/2-1/2"]
[WhiteElo "2035"]
[BlackElo "2151"]
[PlyCount "80"]
[EventDate "2018.04.08"]
[EventType "swiss"]
[EventRounds "9"]
[EventCountry "ESP"]
[SourceTitle "Ajedrez en Madrid"]
[Source "lmi"]
[SourceDate "2018.04.08"]

1. e4 Nf6 2. e5 Nd5 3. Nc3 Nb6 4. a4 d5 5. d4 Bf5 6. a5 Nc8 7. Bd3 Bxd3 8. Qxd3
Qd7 9. Nf3 e6 10. O-O c5 11. dxc5 Na6 12. c6 Qxc6 13. Nd4 Qd7 14. Qg3 Nb4 15.
Rd1 Nc6 16. Nf5 f6 17. exf6 gxf6 18. Nh6 Nd6 19. Qh4 Bg7 20. Qh5+ Kf8 21. Bf4
Nf7 22. Ne4 Nxh6 23. Bxh6 Qe8 24. Nxf6 Qxh5 25. Bxg7+ Kxg7 26. Nxh5+ Kf7 27. c3
b5 28. axb6 axb6 29. Nf4 Rhd8 30. g3 Ne5 31. Kg2 Nc4 32. Nd3 Kf6 33. b3 Na5 34.
Ra3 Rac8 35. b4 Nc4 36. Ra7 h6 37. Nf4 Nd6 38. Rh7 Rh8 39. Rxh8 Rxh8 40. Re1
Re8 1/2-1/2

[Event "30. Torneo San Viator 2018"]
[Site "Madrid ESP"]
[Date "2018.05.13"]
[Round "5.3"]
[White "Perdomo Araujo, Angel Eduardo"]
[Black "Robles Diaz, Jose Alberto"]
[Result "1/2-1/2"]
[WhiteElo "2084"]
[BlackElo "2086"]
[PlyCount "27"]
[EventDate "2018.04.08"]
[EventType "swiss"]
[EventRounds "9"]
[EventCountry "ESP"]
[SourceTitle "Ajedrez en Madrid"]
[Source "lmi"]
[SourceDate "2018.04.08"]

1. e4 c5 2. Nf3 e6 3. Nc3 a6 4. Be2 Nc6 5. O-O Nf6 6. d4 cxd4 7. Nxd4 Qc7 8.
Kh1 Be7 9. f4 d6 10. Be3 O-O 11. a4 Bd7 12. Nb3 Na5 13. Nxa5 Qxa5 14. Qd2
1/2-1/2

[Event "30. Torneo San Viator 2018"]
[Site "Madrid ESP"]
[Date "2018.05.13"]
[Round "5.4"]
[White "Ortega Ruiz, Jose Miguel"]
[Black "Perez Calahorra, Ricardo"]
[Result "1-0"]
[WhiteElo "2303"]
[BlackElo "2064"]
[PlyCount "81"]
[EventDate "2018.04.08"]
[EventType "swiss"]
[EventRounds "9"]
[EventCountry "ESP"]
[SourceTitle "Ajedrez en Madrid"]
[Source "lmi"]
[SourceDate "2018.04.08"]

1. e4 d6 2. d4 Nf6 3. Nc3 g6 4. f4 Bg7 5. Nf3 c5 6. dxc5 Qa5 7. Bd3 Qxc5 8. Qe2
O-O 9. Be3 Qa5 10. O-O Bg4 11. a3 a6 12. Rae1 Nc6 13. h3 Bxf3 14. Qxf3 e6 15.
g4 Rac8 16. Nd1 d5 17. e5 Nd7 18. g5 Ne7 19. h4 Nf5 20. Bf2 Rc7 21. h5 Rfc8 22.
c3 Qa4 23. Kg2 Nc5 24. Bb1 Bf8 25. Rh1 Ne4 26. Bxe4 dxe4 27. Rxe4 Rc4 28. Rxc4
Rxc4 29. b4 Rc7 30. c4 Rd7 31. Nc3 Qxa3 32. Ne4 Qxf3+ 33. Kxf3 Be7 34. Bc5 Bd8
35. hxg6 fxg6 36. Bd6 Ng7 37. b5 axb5 38. cxb5 Rf7 39. Ra1 Be7 40. Nf6+ Rxf6
41. gxf6 1-0

[Event "30. Torneo San Viator 2018"]
[Site "Madrid ESP"]
[Date "2018.05.13"]
[Round "5.5"]
[White "Pajuelo Morales, Raul"]
[Black "Renteria, Jorge"]
[Result "0-1"]
[WhiteElo "2005"]
[BlackElo "2276"]
[PlyCount "70"]
[EventDate "2018.04.08"]
[EventType "swiss"]
[EventRounds "9"]
[EventCountry "ESP"]
[SourceTitle "Ajedrez en Madrid"]
[Source "lmi"]
[SourceDate "2018.04.08"]

1. c4 c5 2. g3 Nc6 3. Bg2 e5 4. Nc3 g6 5. d3 Bg7 6. e4 Nge7 7. Nge2 d6 8. O-O
O-O 9. Be3 h6 10. f4 Nd4 11. h3 f5 12. Qd2 Kh7 13. fxe5 dxe5 14. Nd5 Nxe2+ 15.
Qxe2 Nxd5 16. exd5 b6 17. Rab1 Qd6 18. g4 Bd7 19. a3 a5 20. b3 b5 21. gxf5 gxf5
22. Qh5 b4 23. a4 Be8 24. Qh4 Bg6 25. Rbd1 Rg8 26. Kh1 f4 27. Bc1 Bf6 28. Qf2
Bh5 29. Be4+ Kh8 30. Bf3 Rg3 31. Qxg3 fxg3 32. Bxh5 g2+ 33. Kxg2 Rg8+ 34. Kf3
e4+ 35. Kxe4 Qe5+ 0-1

[Event "30. Torneo San Viator 2018"]
[Site "Madrid ESP"]
[Date "2018.05.13"]
[Round "5.6"]
[White "Camarero Izquierdo, Juan Carlos"]
[Black "Martinez Fernandez, Raul"]
[Result "0-1"]
[WhiteElo "1946"]
[BlackElo "2176"]
[PlyCount "74"]
[EventDate "2018.04.08"]
[EventType "swiss"]
[EventRounds "9"]
[EventCountry "ESP"]
[SourceTitle "Ajedrez en Madrid"]
[Source "lmi"]
[SourceDate "2018.04.08"]

1. d4 d5 2. Nc3 Nf6 3. Bg5 Nbd7 4. f3 c6 5. Qd3 e5 6. e3 Qa5 7. Nge2 Nb6 8.
Bxf6 gxf6 9. Ng3 Nc4 10. Rb1 Bb4 11. Nge2 Qxa2 12. Kf2 Qa5 13. g4 h5 14. gxh5
Rxh5 15. Ng3 Rh6 16. h4 Be6 17. Bh3 O-O-O 18. h5 Nd6 19. Ra1 Qb6 20. Nce2 Nb5
21. c4 dxc4 22. Qxc4 Nc7 23. Ra4 a5 24. Raa1 Kb8 25. Qc1 Rhh8 26. Bg2 f5 27. f4
exd4 28. exd4 Nb5 29. Bf3 Nxd4 30. Nxd4 Rxd4 31. Kg2 Rd2+ 32. Kh3 Qe3 33. Qf1
Qxf4 34. Ne2 Qg5 35. Rg1 f4+ 36. Kh2 Qh4+ 37. Kg2 Bh3+ 0-1

[Event "30. Torneo San Viator 2018"]
[Site "Madrid ESP"]
[Date "2018.05.13"]
[Round "5.7"]
[White "Ramos Del Campo, Alexander"]
[Black "Lobato Rivero, Carlos"]
[Result "1-0"]
[WhiteElo "2176"]
[BlackElo "1968"]
[PlyCount "69"]
[EventDate "2018.04.08"]
[EventType "swiss"]
[EventRounds "9"]
[EventCountry "ESP"]
[SourceTitle "Ajedrez en Madrid"]
[Source "lmi"]
[SourceDate "2018.04.08"]

1. e4 c6 2. d4 d5 3. e5 c5 4. dxc5 Nc6 5. Nf3 Bg4 6. c3 Bxf3 7. Qxf3 a6 8. Bf4
e6 9. Nd2 Bxc5 10. Nb3 Be7 11. Qg3 g5 12. Be3 Nh6 13. Bd3 Nf5 14. Bxf5 exf5 15.
Bd4 f4 16. Qd3 Nxd4 17. Qxd4 O-O 18. O-O-O b5 19. Qxd5 Qxd5 20. Rxd5 Rfd8 21.
Rhd1 Kf8 22. Rxd8+ Rxd8 23. Rxd8+ Bxd8 24. Nc5 a5 25. Kc2 Ke7 26. Kd3 Bb6 27.
Kd4 f6 28. exf6+ Kxf6 29. Kd5 Kf5 30. f3 h5 31. h3 g4 32. hxg4+ hxg4 33. Ne4
gxf3 34. gxf3 b4 35. c4 1-0

[Event "30. Torneo San Viator 2018"]
[Site "Madrid ESP"]
[Date "2018.05.13"]
[Round "5.8"]
[White "Julian Serra, Rogelio"]
[Black "Linares Leyva, David"]
[Result "1-0"]
[WhiteElo "2002"]
[BlackElo "1756"]
[PlyCount "77"]
[EventDate "2018.04.08"]
[EventType "swiss"]
[EventRounds "9"]
[EventCountry "ESP"]
[SourceTitle "Ajedrez en Madrid"]
[Source "lmi"]
[SourceDate "2018.04.08"]

1. c4 c5 2. g3 Nf6 3. Bg2 Nc6 4. Nc3 g6 5. Nf3 d6 6. O-O Bg7 7. d4 cxd4 8. Nxd4
Bd7 9. e4 Nxd4 10. Qxd4 O-O 11. Qd3 Ng4 12. b3 Rc8 13. Bb2 b5 14. cxb5 Qa5 15.
Rac1 Bxb5 16. Qxb5 Qxb5 17. Nxb5 Bxb2 18. Rcd1 Rc2 19. h3 Ne5 20. f4 Nc6 21.
Rf2 Rxf2 22. Kxf2 Rc8 23. Rd2 Nb4 24. Rxb2 Nd3+ 25. Ke2 Nxb2 26. Kd2 a6 27. Nc3
a5 28. a4 e6 29. Bf3 f5 30. exf5 d5 31. fxe6 d4 32. Nb5 Kf8 33. Nxd4 Nc4+ 34.
bxc4 Rxc4 35. Kd3 Rxa4 36. f5 Ra3+ 37. Ke4 gxf5+ 38. Nxf5 a4 39. e7+ 1-0

[Event "30. Torneo San Viator 2018"]
[Site "Madrid ESP"]
[Date "2018.05.13"]
[Round "5.9"]
[White "Luque Ibanes, Manuel"]
[Black "Esteban Posadilla, Raul"]
[Result "1-0"]
[WhiteElo "1997"]
[BlackElo "1605"]
[PlyCount "169"]
[EventDate "2018.04.08"]
[EventType "swiss"]
[EventRounds "9"]
[EventCountry "ESP"]
[SourceTitle "Ajedrez en Madrid"]
[Source "lmi"]
[SourceDate "2018.04.08"]

1. e4 c6 2. d4 d5 3. exd5 cxd5 4. c4 Nc6 5. Nf3 Bg4 6. cxd5 Qxd5 7. Nc3 Qa5 8.
Qb3 Bxf3 9. gxf3 Qb4 10. Bb5 Qxb3 11. axb3 e6 12. O-O Nf6 13. Bg5 Nd7 14. d5
Nd4 15. Kg2 h6 16. Bf4 Nxb3 17. dxe6 fxe6 18. Rad1 O-O-O 19. Ne4 Ndc5 20. Rxd8+
Kxd8 21. Rd1+ Ke7 22. Be3 Nxe4 23. Rd7+ Kf6 24. fxe4 Nc5 25. Rd8 Nxe4 26. Bd3
Ke7 27. Ra8 Nd6 28. Bxa7 g5 29. Bd4 Rg8 30. Bh7 Rg7 31. Bxg7 Bxg7 32. b3 Bd4
33. Bd3 Kd7 34. Rg8 e5 35. f3 Be3 36. Rg6 h5 37. Rh6 h4 38. h3 Kc7 39. Rg6 Bf4
40. Kf1 b5 41. Ke2 b4 42. Rg7+ Kb6 43. Be4 Nb5 44. Kd3 Kc5 45. Rg8 Nd6 46. Rg6
Bc1 47. Rf6 Bf4 48. Re6 Bg3 49. Rg6 Bf4 50. Rg8 Bc1 51. Ra8 Bf4 52. Ra6 Nxe4
53. Kxe4 Kb5 54. Re6 Kc5 55. Rxe5+ Bxe5 56. Kxe5 Kc6 57. Kf5 Kd5 58. Kxg5 Kd4
59. f4 Kc3 60. f5 Kxb3 61. f6 Kc2 62. f7 b3 63. f8=Q b2 64. Qc5+ Kd1 65. Qb4
Kc2 66. Qc4+ Kd2 67. Qb3 Kc1 68. Qc3+ Kb1 69. Kxh4 Ka2 70. Qc2 Ka1 71. Qa4+ Kb1
72. Kg5 Kc1 73. Qc4+ Kd1 74. Qb3+ Kc1 75. Qc3+ Kb1 76. h4 Ka2 77. Qc2 Ka1 78.
Qa4+ Kb1 79. h5 Kc1 80. Qc4+ Kd2 81. Qb3 Kc1 82. Qc3+ Kb1 83. h6 Ka2 84. Qc2
Ka1 85. h7 1-0

[Event "30. Torneo San Viator 2018"]
[Site "Madrid ESP"]
[Date "2018.05.13"]
[Round "5.10"]
[White "Fernandez Quintero, Jose Antonio"]
[Black "Unciti Juan, Javier"]
[Result "0-1"]
[WhiteElo "1813"]
[BlackElo "1970"]
[PlyCount "86"]
[EventDate "2018.04.08"]
[EventType "swiss"]
[EventRounds "9"]
[EventCountry "ESP"]
[SourceTitle "Ajedrez en Madrid"]
[Source "lmi"]
[SourceDate "2018.04.08"]

1. e4 Nf6 2. d3 e5 3. Nf3 c6 4. c3 d5 5. Nbd2 Bd6 6. g3 Nbd7 7. Bg2 Nc5 8. Qe2
dxe4 9. dxe4 b6 10. O-O Ba6 11. c4 O-O 12. b3 Qe7 13. Nh4 g6 14. Re1 Rad8 15.
Nf1 Kg7 16. Qe3 Kh8 17. Qe2 Ne6 18. Nf3 Bb4 19. N1d2 Nd4 20. Nxd4 Rxd4 21. Rf1
Bc3 22. Rb1 Rfd8 23. Nf3 Rd3 24. Bg5 b5 25. Ne1 Bxe1 26. Rfxe1 bxc4 27. bxc4
Bxc4 28. Qc2 R3d4 29. Rbc1 Bb5 30. Qc3 Kg7 31. f4 h5 32. Bh4 Qe6 33. fxe5 Qxe5
34. Bxf6+ Kxf6 35. Qa3 Ra4 36. Qe3 Kg7 37. Rcd1 Rad4 38. Qc3 Rxe4 39. Qxe5+
Rxe5 40. Rxd8 Rxe1+ 41. Kf2 Re2+ 42. Kf3 Rxa2 43. Bh3 Rxh2 0-1